Manual ejecutivo tributario: donaciones

Gorde:
Xehetasun bibliografikoak
Egile nagusia: Salort Salort, Vicente E (Egilea)
Formatua: Liburua
Hizkuntza:gaztelania
Argitaratua: Santiago Edig 2014
Edizioa:1a. ed
Saila:MET, 16
Gaiak:
Etiketak: Etiketa erantsi
Etiketarik gabe, Izan zaitez lehena erregistro honi etiketa jartzen!

MARC

LEADER 00000cam a2200000 a 4500
001 UCC0657
003 CL-VaPUC
008 170825e20140000cl |||||||||||||||||spa|d
082 0 4 |a 343.053  |b SAL  |2 21 
100 0 |a Salort Salort, Vicente E  |e author  |9 594657 
245 1 0 |a Manual ejecutivo tributario: donaciones 
250 |a 1a. ed 
300 |a v 
942 |c BK 
945 |d 20170825 13:52:00  |a dcastane 
260 |a Santiago  |b Edig  |c 2014 
650 0 |a Donaciones  |9 371911 
650 0 |a Impuestos  |9 255450 
650 7 |a LEGISLACION TRIBUTARIA  |2 CL-VaPUC  |9 594658 
650 0 |a Derecho tributario  |9 258895 
583 |a last modification  |c 20170825 13:52:00  |k Rodrigo Vera 
490 0 |a MET, 16 
999 |c 369430  |d 369428 
952 |0 0  |1 0  |3 erb  |4 0  |6 343_053000000000000_SAL_2014  |7 0  |8 A  |9 485231  |a BIBGIM  |b BIBGIM  |h v.1  |i 5419751  |o 343.053 SAL 2014  |p 5419751  |r 2025-01-15  |w 2019-11-24  |y BK  |z Catalogado en:20170825  |k COM 
952 |0 0  |1 0  |3 erb  |4 0  |6 343_053000000000000_SAL_2014  |7 0  |8 A  |9 485232  |a BIBGIM  |b BIBGIM  |h v.2  |i 541976K  |o 343.053 SAL 2014  |p 541976K  |r 2025-01-15  |w 2019-11-24  |y BK  |z Catalogado en:20170825  |k COM